| 000 | | | 03842nmc2a22002413x 450 |
| 001 | | | 803ac66e-bd53-4c0d-b6ec-d85c27b90b49 |
| 005 | | | 20210306023952.0 |
| 100 | ## | $a | 20201117l19061909k l0rusy0189 ca |
| 101 | 0# | $a | rus |
| 102 | ## | $a | RU |
| 105 | ## | $a | y### |
| 122 | 2# | $a | d |
| 200 | 1# | $a | Дело о заключении контракта на чистку полов в театрах и зданиях Дирекции с 1 января 1907 года по 1 января 1908 года и о возобновлении этого ещё на два года, то есть по 1 января 1910 года |
| | $j | 21 декабря 1906 г. - 22 августа 1909 г. |
| 215 | ## | $a | 30 л. |
| | $d | 36,5х26 см |
| 251 | ## | $c | Дело |
| 300 | ## | $a | На бланке обложки указано: "Дело хозяйственного отделения Санкт-Петербургской конторы императорских театров" |
| 371 | ## | $a | Документ не является опубликованным и широко распространяемым |
| 461 | #0 | $1 | 0019264ebf8-de62-4f1a-9eb4-9f22098dbbd5 |
| | $1 | 2001 |
| | $a | Дирекция императорских театров МИДв |
| | $1 | 251 |
| | $c | Фонд |
| | $1 | 852 |
| | $j | 497 |
| 462 | #0 | $1 | 00157374a90-53af-4386-b127-820db06313ee |
| | $1 | 2001 |
| | $a | Дела хозяйственной части Дирекции императорских театров |
| | $1 | 251 |
| | $c | Опись |
| | $1 | 852 |
| | $j | 9 |
| 801 | #0 | $a | RU |
| | $b | РГИА |
| | $c | 20201117 |
| | $g | RCR |
| 801 | #1 | $a | RU |
| | $b | ГлавНИВЦ |
| | $c | 20201117 |
| | $2 | rusmarc |
| 801 | #2 | $a | RU |
| | $b | ПБ им. Б.Н. Ельцина |
| | $c | 20210306 |
| | $g | RCR |
| | $2 | rusmarc |
| 850 | ## | $a | РГИА |
| 852 | ## | $a | РГИА |
| | $e | Федеральное казенное учреждение "Российский государственный исторический архив" (РГИА) |
| | $j | 695 |
| 937 | ## | $h | РГИА |
| | $d | 12353731 |
| | $a | ASBIBLIO_SCAN |
| 035 | ## | $a | RusGRCC00016725 |
| 856 | ## | $u | http://readingroom.main.prlib.ru/item.aspx?id_node=n158181959&mode=full |